000 01043nam a2200277 i 4500
003 EG-ScBUE
005 20231114114014.0
008 100706s1987 u a f 000 0cara d
017 _a87 / 4050
020 _a977148091X
040 _aEG-ScBUE
_bara
_erda
_cEG-ScBUE
_dEG-ScBUE
043 _af-ua---
082 0 4 _222
_a321.0092262
_bأ ن ص
100 1 _915955
_aأنصاري، ناصر،
_eمؤلف.
245 1 0 _aموسوعة حكام مصر :
_bمن الفراعنة إلي اليوم مع صورهم وأعلامهم ورموزهم /
_cتأليف دكتور ناصر الأنصاري.
250 _aالطبعة الثانية.
264 1 _aالقاهرة :
_bدار الشروق،
_c1987.
300 _a229 صفحة :
_bإيضاحيات ملونة ؛
_c24 سم
336 _2rdacontent
_aنص
_btxt
337 _aبدون وسيط
_2rdamedia
_bn
338 _aمجلد
_bnc
_2rdacarrier
541 _aألف باء ؛
_cشراء ؛
651 7 _2BUEsh
_aمصر
_xملوك وحكام.
655 _vReading book
942 _2ddc
_cBB
999 _c14398
_d14398